Paises que limitan con Rusia - Estadísticas

Estadísticas generales
  • Esta prueba ha sido intentada 65 veces
  • La puntuación promedio es 13 de 14
Estadísticas de respuestas
Km de frontera País % Correcto
4250 China
98%
294 Estonia
98%
217 Letonia
97%
227 Lituania
97%
3485 Mongolia
97%
1576 Ucrania
97%
1340 Finlandia
95%
959 Bielorrusia
92%
19 Corea del Norte
91%
6846 Kazajistán
89%
206 Polonia
88%
723 Georgia
84%
284 Azerbaiyán
81%
196 Noruega
72%
No se encontraron pruebas coincidentes
Distribución de puntuación
Porcentaje de gente con cada puntuación
Porcentaje por número respondido
Historial de tus puntuaciones
No has intentado esta prueba.